Mutational analysis of optineurin and six homeobox 6 gene in juvenile open-angle glaucoma (Record no. 393678)

MARC details
000 -LEADER
fixed length control field 00526nam a22001817a 4500
005 - DATE & TIME
control field 20251024104513.0
008 - FIXED-LENGTH DATA ELEMENTS--GENERAL INFORMATION
fixed length control field 251024b |||||||| |||| 00| 0 eng d
040 ## - CATALOGING SOURCE
Original cataloging agency VIVEKANANDA LIBRARY
082 ## - DDC NUMBER
Classification number 572.865
Book Number Y11M
100 ## - MAIN ENTRY--PERSONAL NAME
Personal name Yadav, Manoj
245 ## - TITLE STATEMENT
Title Mutational analysis of optineurin and six homeobox 6 gene in juvenile open-angle glaucoma
260 ## - PUBLICATION, DISTRIBUTION, ETC. (IMPRINT)
Name of publisher, distributor, etc Department of Genetics, M D University, Rohtak
Date of publication, distribution, etc 2025
300 ## - PHYSICAL DESCRIPTION
Pages vii, 185
650 ## - Subject
Subject Genetics
700 ## - Added Entry Personal Name
Added Entry Personal Name Tanwar, Mukesh
700 ## - Added Entry Personal Name
Added Entry Personal Name Sachdeva, Sumit
942 ## - ADDED ENTRY ELEMENTS (KOHA)
Koha item type Thesis
Holdings
Withdrawn status Lost status Source of classification or shelving scheme Damaged status Not for loan Location (home branch) Sublocation or collection (holding branch) Shelving location Date acquired Koha issues (times borrowed) Koha full call number Accession No. Koha date last seen Copy number Koha item type
    Dewey Decimal Classification     VIVEKANANDA LIBRARY VIVEKANANDA LIBRARY Vivekananda Library 24/10/2025   572.865 Y11M 411216 24/10/2025 R Thesis
© Designed and Maintained by Vivekananda Library, MDU Rohtak